Acteurs du film Les Petits Mouchoirs par images - Statistiques

Statistiques générales
  • Ce quiz a été pris 154 fois
  • Le résultat moyen est 7 sur 12
Statistiques - réponses
Par images Hint Réponse % Correct
Marie Marion Cotillard
97%
Max François Cluzet
96%
Éric Gilles Lellouche
95%
le Réalisateur Guillaume Canet
94%
Vincent Benoît Magimel
76%
Ludo Jean Dujardin
74%
Antoine Laurent Lafitte
71%
Véronique Valérie Bonneton
57%
Franck Maxim Nucci / Yodelice
24%
Juliette Anne Marivin
22%
Isabelle Pascale Arbillot
16%
Léa Louise Monot
14%
Aucun quiz correspondant
Distribution des résultats
% des personnes avec chaque résultat
Percentile par nombre de réponses
Votre historique - résultats
Vous n’avez pas pris ce quiz